00803 2200337 4500001002100000005001500021035002000036007000300056008004100059020002200100082001100122084001700133100001000150245006300160250001000223260003900233300003200272650001800304700001000322700001700332990001300349990001300362990001100375990001300386990001100399990001100410990001100421990001100432990001100443990001100454INLIS00000000000209820180723093604 a0010-0718000050ta180723 g 0 ind  a978-602-1694-08-4 a808.83 a808.83 TET k0 aTETHY1 aKabur dari Istana /cTethy, Nisha; penyunting, Diyah Rahma acet.1 aJakarta :bAl- Kautsar Kids,c2014 a125 hlm. :bilus. ;c19 cm. aCERITA PENDEK0 aNISHA0 aDIYAH, Rahma a*16488a* a*16488b* a16488b a*16488a* a16488a a16488b a16488a a16488b a16488b a16488a